LEADER 01093nam a2200265 i 4500 001 991003925579707536 005 20030107111707.0 008 021106s2001 uk ||| | eng 020 $a0521626463 035 $ab11883686-39ule_inst 035 $aEXGIL149561$9ExL 040 $aDip.to Filol. Ling. e Lett.$bita 082 0 $a418.0078 100 1 $aChapelle, Carol A.$0532471 245 10$aComputer applications in second language acquisition :$bfoundations for teaching, testing and research /$cCarol A. Chapelle 260 0 $aCambridge :$bCambridge university press,$c2001 300 $axv, 216 p. ;$c23 cm. 440 4$aThe Cambridge applied linguistics series 650 4$aLingue$xImpiego degli elaboratori elettronici - Insegnamento 907 $a.b11883686$b21-09-06$c07-01-03 912 $a991003925579707536 945 $aLE008 L.L.I.D B VI 65$g1$i2008000049409$lle008$o-$pE0.00$q-$rl$s- $t0$u0$v0$w0$x0$y.i12140041$z07-01-03 996 $aComputer applications in second language acquisition$9902734 997 $aUNISALENTO 998 $ale008$b01-01-02$cm$da $e-$feng$guk $h0$i1 LEADER 02194oam 2200553M 450 001 9910715684103321 005 20191121065725.3 035 $a(CKB)5470000002513220 035 $a(OCoLC)1065774109 035 $a(OCoLC)995470000002513220 035 $a(EXLCZ)995470000002513220 100 $a20070221d1837 ua 0 101 0 $aeng 135 $aurcn||||||||| 181 $ctxt$2rdacontent 182 $cc$2rdamedia 183 $acr$2rdacarrier 200 10$aMemorial of a number of merchants and others of Baltimore, praying the incorporation of a national bank, or the substitution of the United States Bank of Pennsylvania. September 25, 1837. Laid on the table, and ordered to be printed 210 1$a[Washington, D.C.] :$c[publisher not identified],$d1837. 215 $a1 online resource (2 pages) 225 1 $aSenate document / 25th Congress, 1st session. Senate ;$vno. 24 225 1 $a[United States congressional serial set ] ;$v[serial no. 309] 300 $aBatch processed record: Metadata reviewed, not verified. Some fields updated by batch processes. 300 $aFDLP item number not assigned. 606 $aBanks and banking 606 $aCurrency boards 606 $aCurrency crises 606 $aCurrency exchanges (Domestic) 606 $aMoney supply 606 $aNational banks (United States) 606 $aPaper money 606 $aFinancial crises$zUnited States$xHistory$y19th century 608 $aLegislative materials.$2lcgft 615 0$aBanks and banking. 615 0$aCurrency boards. 615 0$aCurrency crises. 615 0$aCurrency exchanges (Domestic) 615 0$aMoney supply. 615 0$aNational banks (United States) 615 0$aPaper money. 615 0$aFinancial crises$xHistory 801 0$bWYU 801 1$bWYU 801 2$bOCLCO 801 2$bOCLCQ 906 $aBOOK 912 $a9910715684103321 996 $aMemorial of a number of merchants and others of Baltimore, praying the incorporation of a national bank, or the substitution of the United States Bank of Pennsylvania. September 25, 1837. Laid on the table, and ordered to be printed$93252039 997 $aUNINA